000 01664nam a2200253 i 4500
001 60910
003 ES-MaACL
005 20250902235442.0
007 t|
008 031107s1911 sp ||||1| spa d
080 _a358.33(460)
245 0 0 _aEstudio histórico del Cuerpo de Ingenieros del Ejército :
_biniciado al celebrar en 1903 el primer centenario de su academia y de sus tropas y empezado publicar en el segundo centenario de la creación del Cuerpo en 24 de abril de 1911 /
_cpor una comisión redactora con la cooperación de los jefes y oficiales de Ingenieros.
260 _aMadrid :
_b[s.n.],
_c1911 (
_fEstab. Tip. Sucesores de Rivadeneyra)
300 _a2 v. :
_bil. col. n. ;
_c37 cm.
505 8 _aContiene: I. Resumen histórico . Organización del Cuerpo de Ingenieros del Ejército: Dependencias centrales. El servicio de ingenieros en las comandancias. Instituciones particulares del Cuerpo de Ingenieros (XIX, 554 p., [2] h. de lám., [3] h. de lám. pleg., [18] h. de lám. pleg. col.) -- II. La Academia de Ingenieros . Tropas de ingenieros . Banderas y uniformes (678 p., [2] h. de lám. col., [10] h. de lám. pleg., [8] h. de lám. pleg. col.)
530 _aDisponible en formato digital.
610 1 _aEspaña.
_bCuerpo de Ingenieros del Ejército.
_93681
650 4 _aIngenieros militares-
_zEspaña.
_9166145
650 7 _aIngeniería militar-
_zEspaña
_2
_9149063
852 4 _aES-MaACL
_jC-787-88
_cSPAL
_zRevisado enlace: 21 de julio de 2025
856 4 _uhttp://bibliotecavirtualdefensa.es/BVMDefensa/es/consulta/registro.do?id=217783
_yBiblioteca Virtual de Defensa
942 _2udc
999 _c60910
_d60910